Bayer 04 Leverkusen Squad 2021-2022 - Statistics

General Stats
  • This quiz has been taken 83 times
  • The average score is 19 of 30
Answer Stats
# Position Nation Player % Correct
1 GK Finland Lukáš Hrádecký
93%
19 FW France Moussa Diaby
93%
14 FW Czech Republic Patrik Schick
93%
4 DF Germany Jonathan Tah
87%
27 MF Germany Florian Wirtz
85%
20 MF Chile Charles Aránguiz
84%
12 DF Burkina Faso Edmond Tapsoba
82%
9 FW Iran Sardar Azmoun
82%
30 DF Netherlands Jeremie Frimpong
78%
13 FW Argentina Lucas Alario
76%
25 MF Argentina Exequiel Palacios
75%
33 DF Ecuador Piero Hincapié
73%
15 MF Austria Julian Baumgartlinger
69%
5 DF Netherlands Mitchel Bakker
69%
7 FW Brazil Paulinho
69%
10 MF Germany Kerem Demirbay
67%
8 MF Germany Robert Andrich
65%
6 DF Ivory Coast Odilon Kossounou
62%
38 FW Germany Karim Bellarabi
58%
40 GK Russia Andrey Lunev
56%
3 DF Greece Panagiotis Retsos
55%
11 MF Germany Nadiem Amiri
53%
24 DF Netherlands Timothy Fosu-Mensah
53%
22 DF Netherlands Daley Sinkgraven
51%
- Coach Switzerland Gerardo Seoane
49%
31 FW France Amine Adli
42%
36 GK Germany Niklas Lomb
42%
21 GK Germany Lennart Grill
40%
29 MF Denmark Zidan Sertdemir
18%
37 FW Germany Emrehan Gedikli
9%
No matching quizzes found
Score Distribution
Percent of People with Each Score
Percentile by Number Answered
Your Score History
You have not taken this quiz